Central Library OPAC University of Rajshahi

যদুনাথ সরকার ১৮৭০-১৯৫৮ / (Record no. 66199)

MARC details
000 -LEADER
fixed length control field 01109nam a2200277 a 4500
001 - CONTROL NUMBER
control field 66199
003 - CONTROL NUMBER IDENTIFIER
rucl marc code BD-RjUL
005 - DATE AND TIME OF LATEST TRANSACTION
control field 20211209081518.0
008 - FIXED-LENGTH DATA ELEMENTS--GENERAL INFORMATION
fixed length control field 170314s1998 bg |||| |||| 000 0 ben d
020 ## - INTERNATIONAL STANDARD BOOK NUMBER
International Standard Book Number 9840737813
Terms of availability : Tk. 60.00
035 ## - SYSTEM CONTROL NUMBER
System control number (BD-RjUL)66329
040 ## - CATALOGING SOURCE
Original cataloging agency BD-RjUL
Language of cataloging ben
Transcribing agency BD-RjUL
Modifying agency BD-RjUL
041 ## - LANGUAGE CODE
Language code of text/sound track or separate title ben
082 ## - DEWEY DECIMAL CLASSIFICATION NUMBER
Edition number 23
Classification number 954.0072024092
Author mark and year MAJ 1998
100 1# - MAIN ENTRY--PERSONAL NAME
Personal name মঞ্জুর, নূরুল ইসলাম
9 (RLIN) 195902
245 10 - TITLE STATEMENT
Title যদুনাথ সরকার ১৮৭০-১৯৫৮ /
Statement of responsibility, etc. নূরুল ইসলাম মঞ্জুর
260 ## - PUBLICATION, DISTRIBUTION, ETC. (IMPRINT)
Place of publication, distribution, etc. ঢাকা :
Name of publisher, distributor, etc. বাংলা একাডেমী,
Date of publication, distribution, etc. ১৯৯৮ [১৪০৫]
300 ## - PHYSICAL DESCRIPTION
Pagination ১৩১ পৃ. ;
Size ২১ সেমি.
490 ## - SERIES STATEMENT
Series statement বাএ ৩৭৭২
600 ## - SUBJECT ADDED ENTRY--PERSONAL NAME
Personal name সরকার, যদুনাথ
Dates associated with a name ১৮৭০-১৯৫৮
Personal name Sarkar, Jadunath
Dates associated with a name 1870-1958
650 ## - SUBJECT ADDED ENTRY--TOPICAL TERM
Topical term or geographic name as entry element ইতিহাসবিদ
General subdivision জীবনী
Geographic subdivision ভারত
9 (RLIN) 195904
Topical term or geographic name as entry element Historians
General subdivision Biography
Geographic subdivision India
9 (RLIN) 195905
830 ## - SERIES ADDED ENTRY--UNIFORM TITLE
Uniform title বাএ ৩৭৭২
942 ## - ADDED ENTRY ELEMENTS (KOHA)
Source of classification or shelving scheme Dewey Decimal Classification
Koha item type Books
Holdings
Lost status Source of classification or shelving scheme Damaged status Not for loan Collection code Permanent Location Current Location Shelving location Date acquired Source of acquisition Cost, normal purchase price Total Checkouts Full call number Date last seen Copy number Koha item type
  Dewey Decimal Classification   Not For Loan Non-fiction Central Library, University of Rajshahi Central Library, University of Rajshahi Reading Room 23/07/2012 Bangla Academy , Dhaka 60.00   B 954.0072024092 MAJ 1998 14/03/2017 C-1 Books